Serões da Beira (Record no. 2450)

MARC details
000 -Etiqueta do registo
Valores 00503nam a2200205 4500
100 ## - Dados gerais de processamento
Dados gerais 20160217 frey50
101 ## - Língua de publicação
Língua Português
102 ## - País de publicação
País Portugal
200 ## - Titulo e menção de responsabilidade
Título próprio Serões da Beira
Primeira menção de responsabilidade Sarah Beirão
205 ## - Menção da edição
Edição 6.ª ed.
210 ## - Publicação
Local de publicação Porto
Nome do editor Porto Editora
Data de publicação 1984
215 ## - Descrição física 
Paginação / Volumes 268 p. ;
Dimensões 19 cm
225 ## - Colecção 
Título próprio da colecção Portuguesa
Indicação de volume 8
606 ## - Nome comum usado como assunto
Palavra de ordem Conto
Subdivisão cronológica Séc. 20
Código do sistema Clip
675 ## - CDU
Notação 821.134.3-3 BEI
Edição BN
Língua por
700 ## - Autor principal (pessoa individual)
Apelido Beirão,
Nome Sara,
Datas 1884-1974
801 ## - Fonte de origem
País PT
Regras de catalogação RPC
990 ## - Elementos KOHA
Tipo de documento Livro
Holdings
Estado Biblioteca de origem Código de barras Cota Permissão de empréstimo Tipo de documento Empréstimo Forma de aquisição
  Biblioteca Municipal de Redondo 01936 821.134.3-3 BEI   Livro    
  Biblioteca Municipal de Redondo 011737 821.134.3-3 BEI   Livro    
  Biblioteca Municipal de Redondo 043669 821.134.3-2 BEI   Livro Biblioteca Municipal de Redondo  
  Biblioteca Municipal de Redondo 043670 821.134.3-2 BEI   Livro Biblioteca Municipal de Redondo  

Powered by Koha